=LDR 00000nam 2200000 4500 =001 INLIS00000000000105 =005 20260702043538 =020 ##$$a 9786232791909 =082 ##$$a 899.221 =100 1#$$a Abdurahman, Fuad =245 1 $$a Surat Cinta Buat Ibunda /$c Fuad Abdurahman =300 ##$$a 330 ; 13.5x 20.5 cm